000 00509nam a2200157 i 4500
001 58345
003 ES-MaACL
007 t|
008 031022s1976 fr ||||1| fre d
100 1 _aDufourcq, Charles-Emmanuel.
_945908
245 1 0 _aHistoire économique et sociale de l'Espagne chrétienne au moyen age /
_cCh.E. Dufourcq, J. Gautier-Dalché.
260 _aParis :
_bArmand Colin,
_c[1976]
300 _a287 p. ;
_c23 cm.
700 1 _aGautier-Dalché, J.
_956057
852 _aES-MaACL
_jL-5357
_bR.105924
999 _c58345
_d58345